000 00351nam a2200145Ia 4500
008 090124s9999 xx 000 0 und d
082 _b305639
245 _a दोलाचल
250 _a1
260 _bनरवणे सुधा
_c1973
300 _a146
630 _a दोलाचल
730 _a दोलाचल
942 _cBOOK
999 _c195633
_d195633